Intellectual decolonisation : critical perspectives /

Bibliografische gegevens
Andere auteurs: Hull, George
Formaat: Boek
Taal:English
Gepubliceerd in: Abingdon, Oxon ; New York, NY : Routledge, 2025.
Onderwerpen:
Classic Catalogue: View this record in Classic Catalogue
LEADER 02838nam a22003377a 4500
001 44650
003 BD-DhAAL
005 20251120100514.0
008 250827t2025 enk||||| b||| 001 0 eng d
020 |a 9781032853598 (hbk) 
020 |a 9781032853680 (pbk) 
020 |a 9781003517849 (ebk) 
040 |a BD-DhAAL  |c BD-DhAAL 
082 |a 325.3 
245 |a Intellectual decolonisation :  |b critical perspectives /  |c edited by George Hull. 
260 |a Abingdon, Oxon ;  |b New York, NY :  |b Routledge,  |c 2025. 
300 |a xii, 231 pages :  |b color illustration ;  |c 25 cm. 
504 |a Includes bibliographical references and index. 
505 |a 1. Varieties of intellectual decolonisation: an introductionGeorge Hull 2. From "dependency" to "decoloniality"? The enduring relevance of materialist political economy and the problems of a "decolonial" alternativeMichael Nassen Smith and Claire-Anne Lester 3. The problem of epistemological critique in contemporary Decolonial theoryVeeran Naicker 4. Is being itself colonial?George Hull 5. "That other me, down and dreaming": an animal perspective critique of decoloniality theoryM. J. Glover 6. Decolonising Sinology: on Sinology's weaponisation of the discourse of raceShuchen Xiang 7. Whither epistemic decolonisation? How to make experiences a source of moral justificationFilipe Campello 8. The decolonisation of the mind and history as an academic disciplineIrina Filatova 9. Decolonisation in Africa: love or litigation? Mandela as moral capitalChielozona Eze 10. Is decolonisation Africanisation? The politics of belonging in the truly African universityAnye-Nkwenti Nyamnjoh 11. Intellectual decolonisation and the danger of epistemic closure: the need for a critical decolonial theoryHelen-Mary Cawood and Mark Jacob Amiradakis 12. My decoloniality is not your decoloniality: the new multiverse an opinion pieceStephen Chan 13. Decoloniality and right-wing nationalism in India: the case of J Sai DeepakAnandaroop Sen  
526 |a ENH  |x Rukhsana Rahim Chowdhury Senior Lecturer Department of English and Humanities Course name and No.: Shakespeare (ENG 217) 
541 |a Hye trade international  |e 44650 
650 |a Decolonization. 
650 |a Intellectuals. 
650 |a Colonialism & imperialism.  |9 59189 
650 |a Development studies.  |9 57989 
650 |a Decolonization  |z Africa.  |9 59186 
700 |a Hull, George.  |9 59188 
852 |a Ayesha Abed Library  |c General Stacks 
942 |c BK  |2 ddc 
999 |c 47311  |d 47311 
952 |0 0  |1 0  |2 ddc  |4 0  |6 325_300000000000000_GEO  |7 0  |9 78040  |a BRACUL  |b BRACUL  |c GEN  |d 2025-08-25  |e Hye Trade International  |g 11988.00  |l 0  |o 325.3 GEO  |p 3010044650  |r 2025-08-25  |t 1  |v 11988.00  |w 2025-08-25  |y BK  |x Requisitioned by Rukhsana Rahim Chowdhury (Senior Lecturer Department of English and Humanities) for the course named- Shakespeare ‘’ (ENG 217)’’